Informačná kompetentnosť policajných manažérov

Gespeichert in:
Bibliographische Detailangaben
1. Verfasser: Baričičová, Ľubica
Weitere Verfasser: Kráčmar, Ján
Format: Buchkapitel
Sprache:Slowakisch
Tags: Tag hinzufügen
Keine Tags, Fügen Sie das erste Tag hinzu!

MARC

LEADER 00000naa$a2200000$$$4500
001 0061156
005 20240502083146.6
041 0 |a slo 
044 |a CZ 
245 1 0 |a Informačná kompetentnosť policajných manažérov  |c Ľubica Baričičová, Ján Kráčmar 
100 1 |a Baričičová, Ľubica 
700 1 |a Kráčmar, Ján